Violencia y sociedad /
Guardado en:
| Autor principal: | |
|---|---|
| Formato: | Texto |
| Lenguaje: | Spanish |
| Materias: | |
| Etiquetas: |
Agregar Etiqueta
Sin Etiquetas, Sea el primero en etiquetar este registro!
|
MARC
| LEADER | 00000 a a2200000 04500 | ||
|---|---|---|---|
| 001 | 224 | ||
| 003 | cru CIDCACS/IIS | ||
| 005 | 20190916120335.0 | ||
| 008 | 190916n |||||r||||||0| 0dspa d | ||
| 999 | |c 42348 |d 42348 | ||
| 040 | |c cru CIDCACS/IIS | ||
| 100 | 1 | |a Carmona Suárez, Mayra |9 8516 | |
| 245 | 1 | |a Violencia y sociedad / |c Mayra Carmona Suárez | |
| 300 | |a páginas 14-17 | ||
| 650 | |a JUVENTUD | ||
| 650 | |a ADOLESCENTES | ||
| 650 | 0 | |a VIOLENCIA |9 133 | |
| 650 | 0 | |a SOCIEDAD |9 26 | |
| 773 | 0 | |0 42346 |9 3358 |d San José, Costa Rica: CCSS. DTSS. DMP. Programa Atención Integral de la Adolescencia, 1999- |o 07056 |t Adolescencia y Salud/ | |
| 942 | |2 ddc |c PP | ||
